| 000 | 02489nam a2200601 i 4500 | ||
|---|---|---|---|
| 001 | 37661 | ||
| 003 | KOSZ 005 | ||
| 005 | 20221021122054.0 | ||
| 008 | 200430s1999 pl a f 000 0 pol | ||
| 015 | _aUWD 2000/10155 | ||
| 035 | _a991013911319705066 | ||
| 035 | _a(PL-WaBN)b13741834-48omnis_nlop | ||
| 035 | _ab13741834 | ||
| 035 | _a(OCoLC)69583926 | ||
| 035 | _a(PL)b0000001374183 | ||
| 035 | _a(EXLNZ-48OMNIS_NETWORK)9910283961305606 | ||
| 040 |
_aWA N _cWA N _dKOSZ 005/RW |
||
| 041 | 0 |
_apol _beng |
|
| 046 | _k1999 | ||
| 080 | _a624.131 | ||
| 080 | _a534 | ||
| 080 | _a539.3/.4 | ||
| 100 | 1 |
_aCiesielski, Roman _d(1924-2004) _eAutor |
|
| 245 | 1 | 0 |
_aPropagacja drgań w warstwach przypowierzchniowych podłoża gruntowego : _bbadania doświadczalne in situ / _cRoman Ciesieski, Arkadiusz Kwiecień, Krzysztof Stypuła ; Politechnika Krakowska im. Tadeusza Kościuszki. |
| 260 |
_aKraków : _bWydawnictwo Politechniki Krakowskiej, _c1999. |
||
| 300 |
_a172 strony : _bilustracje (w tym kolorowe) ; _c24 cm. |
||
| 336 |
_aTekst _btxt _2rdacontent |
||
| 337 |
_aBez urządzenia pośredniczącego _bn _2rdamedia |
||
| 338 |
_aWolumin _bnc _2rdacarrier |
||
| 380 | _aKsiążki | ||
| 380 | _aPublikacje naukowe | ||
| 388 | _a1901-2000 | ||
| 388 | _a1989-2000 | ||
| 490 | 1 |
_aMonografia / Politechnika Krakowska im. Tadeusza Kościuszki. Inżynieria Lądowa, _x0860-097X ; _v263 |
|
| 500 | _aISSN i nr serii głÓWNEJ: 0860-097X ; 263. | ||
| 504 | _aBibliografia na stronach 168-170. | ||
| 546 | _aStreszczenie w języku angielskim. | ||
| 650 | 7 |
_aDrgania _2DBN |
|
| 650 | 7 |
_aMechanika gruntów _2DBN |
|
| 650 | 7 |
_aNaprężenia i odkształcenia _2DBN |
|
| 655 | 7 | _aMonografia | |
| 658 | _aInżynieria i technika | ||
| 658 | _aArchitektura i budownictwo | ||
| 700 | 1 |
_aStypuła, Krzysztof _c(budownictwo) _eAutor |
|
| 710 | 2 | _aPolitechnika Krakowska im. Tadeusza Kościuszki | |
| 710 | 2 |
_aPolitechnika Krakowska im. Tadeusza Kościuszki _bWydawnictwo _4pbl |
|
| 700 | 1 |
_aKwiecień, Arkadiusz _c(budownictwo) _eAutor |
|
| 830 | 0 |
_aMonografia - Politechnika Krakowska im. Tadeusza Kościuszki, _v263 |
|
| 830 | 0 |
_aMonografia - Politechnika Krakowska im. Tadeusza Kościuszki. _pInżynieria Lądowa |
|
| 856 |
_uhttp://koha.tu.koszalin.pl/cgi-bin/koha/opac-detail.pl?biblionumber=37661 _yKatalog online BPK |
||
| 942 |
_2UKD _cKS |
||
| 999 |
_c37661 _d37661 |
||